MARC

LEADER 00000nam0a2200000 4500
001 370816
005 20231102012322.0
035 |a (RuTPU)RU\TPU\retro\28225 
090 |a 370816 
100 |a 20220804d1894 m y0rusy50 ca 
101 0 |a rus 
102 |a RU 
105 |a y z 000zy 
200 1 |a О движении солнечной системы  |e [отдельный оттиск]  |f К. Д, Покровский 
210 |a Москва  |c Типография М.Г. Волчанинова  |d 1894 
215 |a 22 с. 
225 1 |a Труды Отделения физических наук Императорского общества любителей естествознания  |v Т. 6 
300 |a Текст в русской дореформенной орфографии 
606 1 |a Солнечная система  |2 stltpush  |3 (RuTPU)RU\TPU\subj\67348  |9 83191 
610 1 |a звезды 
610 1 |a планеты 
610 1 |a планеты-спутники 
610 1 |a планеты земной группы 
610 1 |a динамика систем 
675 |a 523  |v 3 
700 1 |a Покровский  |b К. Д,  |c российский астроном  |c член-корреспондент АН СССР, профессор  |f 1868-1944  |g Константин Доримедонтович  |2 stltpush  |3 (RuTPU)RU\TPU\pers\34780  |9 18129 
801 1 |a RU  |b 63413507  |c 20220804 
801 2 |a RU  |b 63413507  |c 20230623  |g RCR 
942 |c BK